书目信息 |
| 题名: |
阳明学述要
|
|
| 作者: | 钱穆 著 | |
| 分册: | ||
| 出版信息: | 北京 中国盲文出版社 2015.09 |
|
| 页数: | 124页 | |
| 开本: | 26cm | |
| 丛书名: | ||
| 单 册: | ||
| 中图分类: | B248.25 | |
| 科图分类: | ||
| 主题词: | 哲学思想--研究--中国--明代 | |
| 电子资源: | ||
| ISBN: | 978-7-5002-6122-3 | |
| 000 | 01207nam0 2200265 450 | |
| 001 | 0102100417 | |
| 005 | 20210402100820.0 | |
| 010 | @a978-7-5002-6122-3@dCNY16.00 | |
| 100 | @a20151101e20172015em y0chiy50 ea | |
| 101 | 0 | @achi |
| 102 | @aCN@b110000 | |
| 105 | @ay z 000yy | |
| 106 | @ar | |
| 200 | 1 | @a阳明学述要@Ayang ming xue shu yao@f钱穆著 |
| 210 | @a北京@c中国盲文出版社@d2015.09@h2017.03 | |
| 215 | @a124页@d26cm | |
| 300 | @a钱穆先生著作系列简体大字版 | |
| 300 | @a国家彩票基金会资助 | |
| 330 | @a《阳明学述要》原名《王守仁》,初版于1930年。王守仁亦称王阳明,明代著名的思想家、文学家、哲学家和军事家,陆王心学之集大成者,精通儒家、道家、佛家,与和孔子、孟子、朱熹并称为孔、孟、朱、王。其学术思想传至中国、日本、朝鲜半岛以及东南亚,产生了重要而深远的影响。钱穆先生把王阳明置于理学发展史中加以考察,以精炼的笔法,勾勒王学之大纲与流变,指出阳明思想的价值在于他以一种全新的方式解决了宋儒留下的“万物一体”和“变化气质”的问题,贡献了独特的“良知”理论。 | |
| 600 | 0 | @a王守仁@f(1472-1528)@x哲学思想@x研究 |
| 606 | 0 | @a哲学思想@x研究@y中国@z明代 |
| 690 | @aB248.25@v5 | |
| 701 | 0 | @a钱穆@Aqian mu@f(1895-1990)@4著 |
| 801 | 0 | @aCN@bBJSZM@c20210402 |
| 905 | @b1275377-80@dB248.25@e105@f4 | |
| 阳明学述要/钱穆著.-北京:中国盲文出版社,2015.09(2017.03) |
| 124页;26cm |
| 钱穆先生著作系列简体大字版.-国家彩票基金会资助 |
| ISBN 978-7-5002-6122-3:CNY16.00 |
| 《阳明学述要》原名《王守仁》,初版于1930年。王守仁亦称王阳明,明代著名的思想家、文学家、哲学家和军事家,陆王心学之集大成者,精通儒家、道家、佛家,与和孔子、孟子、朱熹并称为孔、孟、朱、王。其学术思想传至中国、日本、朝鲜半岛以及东南亚,产生了重要而深远的影响。钱穆先生把王阳明置于理学发展史中加以考察,以精炼的笔法,勾勒王学之大纲与流变,指出阳明思想的价值在于他以一种全新的方式解决了宋儒留下的“万物一体”和“变化气质”的问题,贡献了独特的“良知”理论。 |
| ● |
| 相关链接 |
|
|
|
|
正题名:阳明学述要
索取号:B248.25/105
 
预约/预借
| 序号 | 登录号 | 条形码 | 馆藏地/架位号 | 状态 | 备注 |
| 1 | 1275377 | 212753778 | 第一样本阅览室/ [索取号:B248.25/105] | 在馆 | |
| 2 | 1275378 | 212753787 | 教育系资料室/ [索取号:B248.25/105] | 在馆 | |
| 3 | 1275379 | 212753796 | 教育系资料室/ [索取号:B248.25/105] | 在馆 | |
| 4 | 1275380 | 212753803 | 第一借阅区/ [索取号:B248.25/105] | 在馆 |